[Event "Benidorm 2002 - sub2300"]
[Site "Benidorm ESP"]
[Date "2002.11.24"]
[Round "3.12"]
[White "Mirete Bernabe, Marco A."]
[Black "Baños, Oscar"]
[Result "1-0"]
[WhiteElo "2190"]
[BlackElo "2284"]
[PlyCount "55"]
[EventDate "2002.11.22"]
[EventType "swiss"]
[EventRounds "9"]
[EventCountry "ESP"]
[Source "lmi"]
[SourceDate "2002.11.24"]

1. d4 f5 2. g3 Nf6 3. Bg2 g6 4. Nh3 Bg7 5. O-O O-O 6. Nc3 d6 7. Nf4 c6 8. e4
Qc7 9. Qe2 e5 10. dxe5 dxe5 11. Qc4+ Kh8 12. Nd3 Na6 13. a4 Re8 14. Nc5 Nxc5
15. Qxc5 b6 16. Qe3 Ba6 17. Re1 Rad8 18. exf5 gxf5 19. Qf3 Nd5 20. Qxf5 Rf8 21.
Qh5 Nxc3 22. bxc3 e4 23. Bf4 Rxf4 24. gxf4 Bxc3 25. Rad1 Bxe1 26. Qe5+ Kg8 27.
Qg5+ Kf7 28. Rxd8 1-0

[Event "Benidorm 2002 - sub2300"]
[Site "Benidorm ESP"]
[Date "2002.11.24"]
[Round "3.13"]
[White "Celaya Tapiz, Txema"]
[Black "Ballesteros Gonzalez, David"]
[Result "0-1"]
[WhiteElo "2182"]
[BlackElo "2277"]
[PlyCount "92"]
[EventDate "2002.11.22"]
[EventType "swiss"]
[EventRounds "9"]
[EventCountry "ESP"]
[Source "lmi"]
[SourceDate "2002.11.24"]

1. e4 c5 2. Nf3 Nc6 3. Bb5 Nd4 4. Nxd4 cxd4 5. O-O Qc7 6. d3 a6 7. Ba4 e6 8.
Bb3 b5 9. Nd2 Bb7 10. Nf3 Bc5 11. Bg5 d6 12. h3 Ne7 13. Bf4 h6 14. Nh2 Ng6 15.
Bg3 h5 16. h4 Qd8 17. Nf3 d5 18. exd5 Bxd5 19. Bxd5 Qxd5 20. Re1 Rd8 21. Qd2 b4
22. Ne5 Rh6 23. Nc4 Be7 24. f3 Bxh4 25. Bxh4 Nxh4 26. Re5 Qb7 27. Qg5 Nxf3+ 28.
gxf3 Rg6 29. Rxe6+ Rxe6 30. Qxh5 Rd5 31. Qh8+ Kd7 32. Qh3 Kd8 33. Qh8+ Kc7 34.
Qh2+ Kc8 35. Qh8+ Rd8 36. Qh3 Qd7 37. Qg4 Kb8 38. Kf2 Qc7 39. f4 Rf6 40. Kf3
Qc6+ 41. Kf2 Rh8 42. Rf1 Rh2+ 43. Ke1 Re6+ 44. Kd1 Rh1 45. Ne5 Rxf1+ 46. Ke2
Rh1 0-1

[Event "Benidorm 2002 - sub2300"]
[Site "Benidorm ESP"]
[Date "2002.11.24"]
[Round "3.14"]
[White "Buxade Roca, Guillermo"]
[Black "Varga Nowak, Mariano"]
[Result "1/2-1/2"]
[WhiteElo "2179"]
[BlackElo "2275"]
[PlyCount "106"]
[EventDate "2002.11.22"]
[EventType "swiss"]
[EventRounds "9"]
[EventCountry "ESP"]
[Source "lmi"]
[SourceDate "2002.11.24"]

1. e4 d5 2. exd5 Nf6 3. Nc3 Nxd5 4. Bc4 Nxc3 5. Qf3 e6 6. dxc3 Bd6 7. Qh5 Qf6
8. Nf3 Qg6 9. Qxg6 hxg6 10. Be3 Bd7 11. O-O-O Bc6 12. Be2 Nd7 13. h3 Ne5 14.
Nxe5 Bxe5 15. f3 O-O 16. Rd2 Rfd8 17. Rhd1 Rxd2 18. Rxd2 Kf8 19. a3 Ke7 20. c4
a6 21. c5 Rd8 22. Rxd8 Kxd8 23. c3 Ba4 24. Kd2 Kd7 25. Bd3 Bb3 26. Be4 c6 27.
Bd3 Bf6 28. Be4 g5 29. Bd3 g6 30. Ke2 e5 31. Kf2 Bd5 32. Kg3 Be7 33. Kf2 f5 34.
Ke2 Ke8 35. Kd2 Kf7 36. Ke2 Kf6 37. Kf1 e4 38. fxe4 Bxe4 39. Bxe4 fxe4 40. Ke2
Ke5 41. Kd2 Kd5 42. b4 Bf6 43. Kc2 Kc4 44. g4 a5 45. Bd2 Be5 46. Bxg5 Bxc3 47.
bxa5 Bd4 48. h4 Kxc5 49. h5 gxh5 50. gxh5 Kd5 51. Kd2 Ke6 52. Be3 c5 53. a4 Kf5
1/2-1/2

[Event "Benidorm 2002 - sub2300"]
[Site "Benidorm ESP"]
[Date "2002.11.24"]
[Round "3.15"]
[White "Garcia Conesa, Gregorio"]
[Black "Navarro Alonso, Jorge Luis"]
[Result "1/2-1/2"]
[WhiteElo "2266"]
[BlackElo "2156"]
[PlyCount "52"]
[EventDate "2002.11.22"]
[EventType "swiss"]
[EventRounds "9"]
[EventCountry "ESP"]
[Source "lmi"]
[SourceDate "2002.11.24"]

1. d4 d5 2. Nf3 e6 3. c4 c6 4. e3 Nf6 5. Nc3 Nbd7 6. Bd3 dxc4 7. Bxc4 b5 8. Bd3
b4 9. Ne4 Be7 10. O-O O-O 11. Nxf6+ Nxf6 12. Qe2 c5 13. Rd1 Qc7 14. Bd2 Bb7 15.
Rac1 Qb6 16. dxc5 Bxc5 17. e4 Rfd8 18. Bg5 Rxd3 19. Qxd3 Bxf2+ 20. Kh1 Nxe4 21.
Qd8+ Rxd8 22. Rxd8+ Qxd8 23. Bxd8 Be3 24. Rc7 Nf2+ 25. Kg1 Ba6 26. Rc6 Nh3+
1/2-1/2

[Event "Benidorm 2002 - sub2300"]
[Site "Benidorm ESP"]
[Date "2002.11.24"]
[Round "3.16"]
[White "Garcia Amoros, Pablo"]
[Black "Mancebo Ibañez, Fernando"]
[Result "1-0"]
[WhiteElo "2162"]
[BlackElo "2258"]
[PlyCount "65"]
[EventDate "2002.11.22"]
[EventType "swiss"]
[EventRounds "9"]
[EventCountry "ESP"]
[Source "lmi"]
[SourceDate "2002.11.24"]

1. e4 d5 2. exd5 Nf6 3. d4 Nxd5 4. c4 Nb6 5. Nf3 g6 6. h3 Bg7 7. Nc3 c5 8. d5
O-O 9. Be3 Na6 10. Qd2 e6 11. Rd1 exd5 12. cxd5 Bf5 13. Be2 Rc8 14. g4 Bd7 15.
O-O f5 16. Ng5 Qf6 17. gxf5 gxf5 18. Bf4 h6 19. Nf3 Rce8 20. Rfe1 Kh7 21. Bf1
c4 22. Ne5 Nc5 23. Bg2 Bc8 24. Re3 Ne4 25. Nxe4 fxe4 26. Bxe4+ Bf5 27. Ng4 Qg6
28. Bxf5 Qxf5 29. Rxe8 Rxe8 30. Bxh6 Kh8 31. d6 Nd7 32. Bf4 Re4 33. Bg3 1-0

[Event "Benidorm 2002 - sub2300"]
[Site "Benidorm ESP"]
[Date "2002.11.24"]
[Round "3.17"]
[White "Lacrosse, Marc"]
[Black "Salcedo Tornero, Pablo"]
[Result "1/2-1/2"]
[WhiteElo "2256"]
[BlackElo "2179"]
[PlyCount "94"]
[EventDate "2002.11.22"]
[EventType "swiss"]
[EventRounds "9"]
[EventCountry "ESP"]
[Source "lmi"]
[SourceDate "2002.11.24"]

1. d4 d5 2. c4 dxc4 3. Nf3 Nf6 4. e3 e6 5. Bxc4 c5 6. O-O a6 7. Qe2 Nc6 8. Rd1
Qc7 9. Nc3 Be7 10. dxc5 Bxc5 11. b3 b5 12. Bd3 Bb7 13. Bb2 Nb4 14. Rac1 Nxd3
15. Qxd3 Qe7 16. Nxb5 O-O 17. Nd6 Bxd6 18. Qxd6 Qxd6 19. Rxd6 Rfc8 20. Rxc8+
Rxc8 21. Rb6 Rc7 22. Rb4 Kf8 23. Ne5 Nd5 24. Rc4 f6 25. Rxc7 Nxc7 26. Nc4 Ke7
27. f3 Nd5 28. Kf2 e5 29. g3 Ke6 30. Ke2 g6 31. Na5 Ba8 32. e4 Nb4 33. a3 Nc6
34. Nc4 f5 35. Ke3 fxe4 36. fxe4 Bb7 37. Bc3 Bc8 38. Nb6 Bb7 39. b4 Nb8 40. Nc4
Nd7 41. Na5 Ba8 42. Nc4 Bc6 43. h4 h5 44. Nb2 Nf6 45. Nd3 Nd7 46. Bb2 Kd6 47.
Bc3 Ke6 1/2-1/2

[Event "Benidorm 2002 - sub2300"]
[Site "Benidorm ESP"]
[Date "2002.11.24"]
[Round "3.18"]
[White "Cabrera Crespo, Miguel"]
[Black "Madina, Martin"]
[Result "0-1"]
[WhiteElo "2135"]
[BlackElo "2240"]
[PlyCount "108"]
[EventDate "2002.11.22"]
[EventType "swiss"]
[EventRounds "9"]
[EventCountry "ESP"]
[Source "lmi"]
[SourceDate "2002.11.24"]

1. d4 Nf6 2. c4 d6 3. Nc3 Nbd7 4. e4 e5 5. d5 Nc5 6. Qc2 a5 7. Nf3 Be7 8. Be2
Bg4 9. Be3 Bxf3 10. Bxf3 Nfd7 11. O-O Bg5 12. Qd2 h6 13. g3 a4 14. Bg2 Nb6 15.
Bxg5 hxg5 16. Qe2 c6 17. Rac1 Qf6 18. Nd1 Qh6 19. h3 g4 20. Ne3 gxh3 21. Bf3
h2+ 22. Kh1 g6 23. Rfd1 cxd5 24. cxd5 O-O 25. Ng4 Qg5 26. Qe3 Qxe3 27. fxe3
Nbd7 28. Kxh2 f5 29. exf5 gxf5 30. Nf2 Kg7 31. Kg2 Ra6 32. Rc2 Rb6 33. Be2 Nf6
34. Bc4 Rc8 35. Rdd2 Rh8 36. Be2 Rh6 37. Rc4 Rg6 38. Bf3 Nfd7 39. Bh5 Rh6 40.
Be8 Nf6 41. Bxa4 Nfe4 42. Nxe4 Nxe4 43. Rc7+ Kf6 44. Rdc2 Rg6 45. Kf3 Rxg3+ 46.
Ke2 Rxb2 47. Kd3 Rb4 48. R2c4 Nc5+ 49. R7xc5 dxc5 50. Bb3 Rxc4 51. Kxc4 Rxe3
52. Kxc5 Ke7 53. d6+ Kd8 54. Be6 f4 0-1

[Event "Benidorm 2002 - sub2300"]
[Site "Benidorm ESP"]
[Date "2002.11.24"]
[Round "3.19"]
[White "Fenollar Jorda, Manuel"]
[Black "Ortells Perez, Victor Manuel"]
[Result "1/2-1/2"]
[WhiteElo "2235"]
[BlackElo "2132"]
[PlyCount "82"]
[EventDate "2002.11.22"]
[EventType "swiss"]
[EventRounds "9"]
[EventCountry "ESP"]
[Source "lmi"]
[SourceDate "2002.11.24"]

1. e4 g6 2. d4 Bg7 3. Nc3 d6 4. f4 c6 5. Nf3 Qb6 6. h3 Nf6 7. Bd3 O-O 8. e5 Nd5
9. Nxd5 cxd5 10. c3 dxe5 11. fxe5 Nc6 12. Qe2 a5 13. O-O a4 14. Kh1 Bd7 15. Qf2
Rae8 16. Qh4 Nd8 17. Bh6 Ne6 18. Rf2 Bb5 19. Bxb5 Qxb5 20. a3 Qd3 21. Nh2 Bxh6
22. Qxh6 Qg3 23. Raf1 Qg5 24. Ng4 Rc8 25. Kg1 Rc6 26. Qxg5 Nxg5 27. Ne3 e6 28.
Ng4 Ne4 29. Nf6+ Nxf6 30. Rxf6 Rc7 31. g4 h6 32. h4 Kg7 33. Kf2 Ra8 34. Ke3 Ra6
35. R1f2 Rb6 36. Kf3 Rb3 37. Kg2 Rb5 38. Kf1 Rb3 39. Ke1 Rb5 40. Kd1 Rb3 41.
Kc1 b5 1/2-1/2

[Event "Benidorm 2002 - sub2300"]
[Site "Benidorm ESP"]
[Date "2002.11.24"]
[Round "3.20"]
[White "Chaverra, Bismarck"]
[Black "Rocabert Andreu, Guillermo"]
[Result "1/2-1/2"]
[WhiteElo "2178"]
[BlackElo "2234"]
[PlyCount "50"]
[EventDate "2002.11.22"]
[EventType "swiss"]
[EventRounds "9"]
[EventCountry "ESP"]
[Source "lmi"]
[SourceDate "2002.11.24"]

1. e4 Nf6 2. e5 Nd5 3. c4 Nb6 4. d4 d6 5. exd6 cxd6 6. Nc3 g6 7. h3 Bg7 8. Nf3
O-O 9. b3 Nc6 10. Bb2 e5 11. d5 Nd4 12. Be2 Nxf3+ 13. Bxf3 f5 14. Qd2 Bd7 15.
O-O Qh4 16. Kh2 Rae8 17. g3 Qe7 18. a4 e4 19. Rfe1 h5 20. Nb5 Bxb5 21. axb5 Nc8
22. Bg2 h4 23. Bxg7 hxg3+ 24. fxg3 Qxg7 25. Ra2 Re5 1/2-1/2

[Event "Benidorm 2002 - sub2300"]
[Site "Benidorm ESP"]
[Date "2002.11.25"]
[Round "4.1"]
[White "Anglada Lobarte, Jose Andres"]
[Black "Fontana Sotomayor, Luis J."]
[Result "0-1"]
[WhiteElo "2231"]
[BlackElo "2268"]
[PlyCount "90"]
[EventDate "2002.11.22"]
[EventType "swiss"]
[EventRounds "9"]
[EventCountry "ESP"]
[Source "lmi"]
[SourceDate "2002.11.24"]

1. e4 c6 2. d4 d5 3. e5 Bf5 4. Nf3 e6 5. Bd3 Bxd3 6. Qxd3 Qa5+ 7. c3 Qa6 8.
Qxa6 Nxa6 9. b4 Nc7 10. a3 a5 11. Bb2 f6 12. Nbd2 a4 13. c4 Ne7 14. O-O dxc4
15. Nxc4 Ned5 16. Rfe1 O-O-O 17. exf6 gxf6 18. Nfd2 b6 19. g3 Kb7 20. Rac1 h5
21. h4 Bh6 22. Rc2 Rhg8 23. Kh2 Bxd2 24. Nxd2 Ne7 25. Ne4 Rg6 26. Nc3 Rxd4 27.
Nxa4 Rd3 28. Nc3 e5 29. Rd1 Rxd1 30. Nxd1 Ncd5 31. Bc1 Nf5 32. Bb2 Rg4 33. Re2
Nd4 34. Bxd4 Rxd4 35. Nb2 c5 36. bxc5 bxc5 37. Rc2 Kc6 38. Kg2 e4 39. Kf1 f5
40. Nc4 f4 41. gxf4 Nxf4 42. f3 exf3 43. Kf2 Nd3+ 44. Ke3 f2 45. Nd2 Ne1 0-1

[Event "Benidorm 2002 - sub2300"]
[Site "Benidorm ESP"]
[Date "2002.11.25"]
[Round "4.2"]
[White "Rodriguez Gonzalez, Javier"]
[Black "Buenafe Moya, Javier"]
[Result "1-0"]
[WhiteElo "2142"]
[BlackElo "2254"]
[PlyCount "95"]
[EventDate "2002.11.22"]
[EventType "swiss"]
[EventRounds "9"]
[EventCountry "ESP"]
[Source "lmi"]
[SourceDate "2002.11.24"]

1. d4 Nf6 2. Bg5 c6 3. Nf3 d6 4. Nbd2 Nbd7 5. c3 e5 6. e4 Be7 7. a4 Qc7 8. Bc4
Nf8 9. O-O Ng6 10. Nh4 Nf4 11. Re1 Ne6 12. dxe5 dxe5 13. Be3 O-O 14. Nf5 Nc5
15. Nxe7+ Qxe7 16. Qc2 Ng4 17. Bxc5 Qxc5 18. Re2 a5 19. Qb3 Rb8 20. Nf3 h6 21.
Rd1 g6 22. Qa2 Kg7 23. h3 Nf6 24. Rb1 b5 25. axb5 cxb5 26. Bd5 Qc7 27. Ra1 a4
28. b3 Nxd5 29. exd5 Ra8 30. c4 Bf5 31. Qb2 f6 32. cxb5 axb3 33. Rxa8 Rxa8 34.
Qxb3 Qc5 35. b6 Rb8 36. b7 Qc7 37. Rb2 Be4 38. Nd2 Bf5 39. f3 h5 40. Qb6 Qc1+
41. Kh2 h4 42. d6 Qe1 43. Qc7+ Kh6 44. Qxb8 Qg3+ 45. Kg1 Qe1+ 46. Nf1 Bd3 47.
Rf2 e4 48. Qh8+ 1-0

[Event "Benidorm 2002 - sub2300"]
[Site "Benidorm ESP"]
[Date "2002.11.25"]
[Round "4.3"]
[White "Milla de Marco, Carlos"]
[Black "Cardenas Valero, Ramon"]
[Result "1-0"]
[WhiteElo "2041"]
[BlackElo "2300"]
[PlyCount "75"]
[EventDate "2002.11.22"]
[EventType "swiss"]
[EventRounds "9"]
[EventCountry "ESP"]
[Source "lmi"]
[SourceDate "2002.11.24"]

1. e4 c5 2. Nc3 Nc6 3. g3 g6 4. Bg2 Bg7 5. d3 e6 6. Be3 d6 7. Qd2 Nd4 8. Nd1
Nc6 9. Ne2 h6 10. O-O Nf6 11. h3 h5 12. c3 O-O 13. Bh6 d5 14. Bxg7 Kxg7 15. Qc2
e5 16. f4 dxe4 17. dxe4 b6 18. Ne3 Ba6 19. Nd5 exf4 20. gxf4 Nxd5 21. exd5 Ne7
22. c4 Nf5 23. Be4 Bc8 24. Kh2 Kh7 25. Rf3 Qd6 26. Rg1 Bd7 27. Rg5 Rae8 28. Rf2
Qf6 29. b3 Nd6 30. Ng3 Nxe4 31. Nxe4 Qd4 32. Ng3 h4 33. Rh5+ Kg7 34. Rxh4 Re3
35. Rd2 Qf6 36. Nh5+ gxh5 37. Rg2+ Kh6 38. Rxh5+ 1-0

[Event "Benidorm 2002 - sub2300"]
[Site "Benidorm ESP"]
[Date "2002.11.25"]
[Round "4.4"]
[White "Taboas Rodriguez, Daniel"]
[Black "Madina, Martin"]
[Result "1-0"]
[WhiteElo "2298"]
[BlackElo "2240"]
[PlyCount "67"]
[EventDate "2002.11.22"]
[EventType "swiss"]
[EventRounds "9"]
[EventCountry "ESP"]
[Source "lmi"]
[SourceDate "2002.11.24"]

1. d4 g6 2. c4 Bg7 3. Nc3 d6 4. Nf3 Bg4 5. e3 Nd7 6. Be2 c6 7. h3 Bxf3 8. Bxf3
e5 9. O-O Ne7 10. b3 exd4 11. exd4 O-O 12. Bb2 Nf5 13. Bg4 Nxd4 14. Ne4 Nc5 15.
Bxd4 Nxe4 16. Bxg7 Kxg7 17. Qd4+ Nf6 18. Bf3 Kg8 19. Rad1 Ne8 20. Rfe1 Qb6 21.
Qf4 a5 22. Re4 Qc7 23. Rde1 Ng7 24. Re7 Qb6 25. Qxd6 Nf5 26. Qc7 Qb4 27. R7e5
a4 28. Bg4 axb3 29. axb3 Nd4 30. Re7 b6 31. R1e4 Qc3 32. Kh2 h5 33. Qe5 hxg4
34. Rxg4 1-0

[Event "Benidorm 2002 - sub2300"]
[Site "Benidorm ESP"]
[Date "2002.11.25"]
[Round "4.5"]
[White "Pascual Paredes, Javier"]
[Black "Mate Adan, Carlos"]
[Result "1/2-1/2"]
[WhiteElo "2220"]
[BlackElo "2296"]
[PlyCount "29"]
[EventDate "2002.11.22"]
[EventType "swiss"]
[EventRounds "9"]
[EventCountry "ESP"]
[Source "lmi"]
[SourceDate "2002.11.24"]

1. e4 d5 2. exd5 Qxd5 3. Nf3 c6 4. d4 Bg4 5. Be2 e6 6. h3 Bh5 7. O-O Nf6 8. c4
Qd6 9. Re1 Be7 10. Ne5 Bxe2 11. Rxe2 Nbd7 12. Bf4 Nxe5 13. Bxe5 Qb4 14. Qc2 O-O
15. a3 1/2-1/2

[Event "Benidorm 2002 - sub2300"]
[Site "Benidorm ESP"]
[Date "2002.11.25"]
[Round "4.6"]
[White "Contreras Rodriguez, Henry"]
[Black "Mirete Bernabe, Marco A."]
[Result "1-0"]
[WhiteElo "2286"]
[BlackElo "2190"]
[PlyCount "47"]
[EventDate "2002.11.22"]
[EventType "swiss"]
[EventRounds "9"]
[EventCountry "ESP"]
[Source "lmi"]
[SourceDate "2002.11.24"]

1. e4 e6 2. d4 d5 3. Nd2 dxe4 4. Nxe4 Nd7 5. Nf3 Ngf6 6. Ng3 c5 7. Bc4 Qc7 8.
Qe2 Nb6 9. Bb5+ Bd7 10. Bxd7+ Nbxd7 11. O-O Be7 12. c4 cxd4 13. Nxd4 O-O 14. b3
Bc5 15. Bb2 Qf4 16. Rad1 Rad8 17. Rd3 Qh4 18. Nf3 Qf4 19. Rfd1 Qc7 20. Ng5 Rfe8
21. Nh5 Be7 22. Nxg7 Kxg7 23. Rg3 Kf8 24. Qh5 1-0

[Event "Benidorm 2002 - sub2300"]
[Site "Benidorm ESP"]
[Date "2002.11.25"]
[Round "4.7"]
[White "Gomez Anadon, Daniel"]
[Black "Renteria Becerra, Jorge"]
[Result "1/2-1/2"]
[WhiteElo "2218"]
[BlackElo "2280"]
[PlyCount "88"]
[EventDate "2002.11.22"]
[EventType "swiss"]
[EventRounds "9"]
[EventCountry "ESP"]
[Source "lmi"]
[SourceDate "2002.11.24"]

1. e4 c5 2. Nf3 d6 3. d4 cxd4 4. Nxd4 Nf6 5. Nc3 a6 6. f3 e5 7. Nb3 Be6 8. Be3
Nbd7 9. Qd2 b5 10. g4 Nb6 11. g5 Nfd7 12. O-O-O Qc7 13. Kb1 Rc8 14. h4 Be7 15.
h5 b4 16. Nd5 Nxd5 17. exd5 Bf5 18. Bd3 Bxd3 19. Qxd3 a5 20. Rdg1 a4 21. Nd2
O-O 22. g6 a3 23. h6 fxg6 24. hxg7 Rf7 25. Rxh7 Kxh7 26. Qxg6+ Kg8 27. Rh1
Qxc2+ 28. Qxc2 Rxc2 29. Kxc2 Nf6 30. bxa3 Nxd5 31. Bh6 Bf6 32. Ne4 Bxg7 33. Rg1
bxa3 34. Nxd6 Rc7+ 35. Kb3 Kh7 36. Rxg7+ Rxg7 37. Bxg7 Kxg7 38. Nc4 Kf6 39.
Kxa3 Kf5 40. Kb3 Kf4 41. a4 e4 42. fxe4 Kxe4 43. a5 Kd4 44. Nb6 Kc5 1/2-1/2

[Event "Benidorm 2002 - sub2300"]
[Site "Benidorm ESP"]
[Date "2002.11.25"]
[Round "4.8"]
[White "Ballesteros Gonzalez, David"]
[Black "Garcia Amoros, Pablo"]
[Result "1-0"]
[WhiteElo "2277"]
[BlackElo "2162"]
[PlyCount "91"]
[EventDate "2002.11.22"]
[EventType "swiss"]
[EventRounds "9"]
[EventCountry "ESP"]
[Source "lmi"]
[SourceDate "2002.11.24"]

1. d4 Nf6 2. Nf3 g6 3. c4 Bg7 4. Nc3 O-O 5. e4 d6 6. Be2 e5 7. O-O Nc6 8. Be3
Ng4 9. Bg5 f6 10. Bc1 f5 11. h3 Nf6 12. dxe5 dxe5 13. Be3 Nxe4 14. Nxe4 fxe4
15. Ng5 Nd4 16. Nxe4 Qe7 17. Re1 c5 18. Bg5 Qc7 19. Rc1 b6 20. Qd2 Bd7 21. Bg4
a5 22. Rc3 Rae8 23. h4 h5 24. Bd1 Bc8 25. Rg3 Nf5 26. Rd3 Nd4 27. Ba4 Bd7 28.
Bxd7 Qxd7 29. Rg3 Qe6 30. b3 Nf5 31. Rd3 Nd4 32. f4 Qc6 33. fxe5 Rxe5 34. Rde3
Rfe8 35. Nc3 Nf5 36. Rxe5 Bxe5 37. Nd5 Bd4+ 38. Kh2 Re6 39. Rf1 Kg7 40. Nf4 Be5
41. Kh3 Re8 42. Nxh5+ gxh5 43. Rxf5 Qe6 44. g4 hxg4+ 45. Kxg4 Rf8 46. Bh6+ 1-0

[Event "Benidorm 2002 - sub2300"]
[Site "Benidorm ESP"]
[Date "2002.11.25"]
[Round "4.9"]
[White "Riquelme Valero, Manuel"]
[Black "Kuzev, Jordan"]
[Result "0-1"]
[WhiteElo "2193"]
[BlackElo "2277"]
[PlyCount "113"]
[EventDate "2002.11.22"]
[EventType "swiss"]
[EventRounds "9"]
[EventCountry "ESP"]
[Source "lmi"]
[SourceDate "2002.11.24"]

1. d4 Nf6 2. Nf3 d5 3. c4 c6 4. Nc3 a6 5. cxd5 cxd5 6. Bg5 Ne4 7. Bd2 Nc6 8. e3
Bg4 9. Be2 Nxd2 10. Nxd2 Bxe2 11. Qxe2 e6 12. O-O Bd6 13. Rac1 O-O 14. a3 Rc8
15. f4 g6 16. Na4 Qf6 17. Nc3 Rc7 18. Qd3 Rfc8 19. Ne2 Na5 20. Rxc7 Rxc7 21.
Rc1 Qd8 22. Rxc7 Qxc7 23. Qc3 Nc4 24. Nxc4 dxc4 25. Qd2 b5 26. e4 a5 27. e5 Be7
28. Kf1 b4 29. axb4 axb4 30. Qc2 Qc6 31. Qd2 Qe4 32. Kf2 h5 33. Kf1 Qb1+ 34.
Kf2 Bh4+ 35. g3 Be7 36. h4 c3 37. bxc3 b3 38. c4 Qa2 39. Ke3 b2 40. Nc3 Qb3 41.
Qd3 Qxc3 42. Qxc3 b1=Q 43. c5 Qg1+ 44. Kf3 Qh1+ 45. Kf2 Qh2+ 46. Kf3 Bxh4 47.
Qe1 Bd8 48. Qb4 Qh1+ 49. Kf2 h4 50. Qb8 Qd5 51. Qd6 hxg3+ 52. Kxg3 Qb3+ 53. Kg2
Bh4 54. Qc6 Qg3+ 55. Kh1 Qh3+ 56. Kg1 Qe3+ 57. Kh1 0-1

[Event "Benidorm 2002 - sub2300"]
[Site "Benidorm ESP"]
[Date "2002.11.25"]
[Round "4.10"]
[White "Bolado Saez, Sergio"]
[Black "Buxade Roca, Guillermo"]
[Result "1-0"]
[WhiteElo "2288"]
[BlackElo "2179"]
[PlyCount "73"]
[EventDate "2002.11.22"]
[EventType "swiss"]
[EventRounds "9"]
[EventCountry "ESP"]
[Source "lmi"]
[SourceDate "2002.11.24"]

1. e4 c5 2. Nf3 Nc6 3. d4 cxd4 4. Nxd4 Nf6 5. Nc3 e5 6. Ndb5 d6 7. Bg5 a6 8.
Bxf6 gxf6 9. Na3 h5 10. Be2 Be6 11. O-O Nd4 12. Nd5 f5 13. c3 Nxe2+ 14. Qxe2
Bxd5 15. exd5 f4 16. c4 Qg5 17. b4 h4 18. Kh1 Rg8 19. Rg1 f6 20. Rac1 Rd8 21.
Qd3 Qg6 22. Qb3 Qe4 23. Qh3 Be7 24. Qxh4 Kd7 25. Qh3+ Kc7 26. Rge1 Qg6 27. c5
dxc5 28. Qf3 Kb8 29. bxc5 f5 30. Rxe5 Bf6 31. Re6 Qg5 32. Rb1 Rg7 33. Reb6 Bd4
34. d6 Rdd7 35. c6 Bxb6 36. cxd7 Qd8 37. Nc4 1-0

[Event "Benidorm 2002 - sub2300"]
[Site "Benidorm ESP"]
[Date "2002.11.25"]
[Round "4.11"]
[White "Tello Nuñez, Alejandro"]
[Black "Ferron Garcia, Carlos"]
[Result "0-1"]
[WhiteElo "2182"]
[BlackElo "2283"]
[PlyCount "94"]
[EventDate "2002.11.22"]
[EventType "swiss"]
[EventRounds "9"]
[EventCountry "ESP"]
[Source "lmi"]
[SourceDate "2002.11.24"]

1. e4 e5 2. Nf3 Nc6 3. d4 exd4 4. Nxd4 Bc5 5. Nxc6 Qf6 6. Qd2 dxc6 7. Nc3 Bd4
8. Bd3 Be6 9. O-O O-O-O 10. Kh1 Bxc3 11. Qxc3 Qxc3 12. bxc3 Ne7 13. Ba3 Rhe8
14. f4 Ng8 15. Rae1 b5 16. Bc5 f6 17. a4 a6 18. h3 Nh6 19. g4 Nf7 20. Kg2 Nd6
21. Kg3 Bg8 22. Bd4 Nb7 23. e5 c5 24. Bg1 fxe5 25. Rxe5 Rxe5 26. fxe5 c6 27.
Be3 Re8 28. Bf5+ Kc7 29. g5 Kb6 30. Bf4 g6 31. Bg4 Be6 32. Rb1 Bxg4 33. hxg4
Na5 34. axb5 cxb5 35. Rh1 Re7 36. Kf3 Nc4 37. Ke4 Kc6 38. Rd1 a5 39. Rd8 a4 40.
Rd1 a3 41. Rb1 Rxe5+ 42. Bxe5 Nd2+ 43. Kd3 Nxb1 44. c4 b4 45. Ba1 Kd6 46. Bf6
Nc3 47. Bxc3 bxc3 0-1

[Event "Benidorm 2002 - sub2300"]
[Site "Benidorm ESP"]
[Date "2002.11.25"]
[Round "4.12"]
[White "Carbonell Bofill, Carlos"]
[Black "Chaverra, Bismarck"]
[Result "1-0"]
[WhiteElo "2278"]
[BlackElo "2178"]
[PlyCount "25"]
[EventDate "2002.11.22"]
[EventType "swiss"]
[EventRounds "9"]
[EventCountry "ESP"]
[Source "lmi"]
[SourceDate "2002.11.24"]

1. Nf3 f5 2. e4 fxe4 3. Ng5 Nf6 4. d3 e3 5. Bxe3 e5 6. d4 e4 7. Nxe4 d5 8.
Nxf6+ Qxf6 9. Qh5+ g6 10. Qxd5 Nc6 11. Bb5 Bd7 12. Bg5 Qg7 13. O-O 1-0

[Event "Benidorm 2002 - sub2300"]
[Site "Benidorm ESP"]
[Date "2002.11.25"]
[Round "4.13"]
[White "Gabaldon Gomez, Miguel A."]
[Black "Buchenau, Frank"]
[Result "1/2-1/2"]
[WhiteElo "2181"]
[BlackElo "2276"]
[PlyCount "102"]
[EventDate "2002.11.22"]
[EventType "swiss"]
[EventRounds "9"]
[EventCountry "ESP"]
[Source "lmi"]
[SourceDate "2002.11.24"]

1. d4 e6 2. Nf3 Nf6 3. c4 b6 4. a3 Ba6 5. Qc2 Bb7 6. Nc3 c5 7. e4 cxd4 8. Nxd4
d6 9. Be2 Nbd7 10. O-O Be7 11. f4 O-O 12. Be3 a6 13. Rfd1 Qc7 14. Rac1 Rfe8 15.
Qb1 Rac8 16. g4 Nc5 17. Bf3 e5 18. Nf5 Bf8 19. b4 exf4 20. Bxf4 Ncxe4 21. Nd5
Bxd5 22. cxd5 Nc3 23. Qd3 Qc4 24. Qxc4 Rxc4 25. Bd2 Rec8 26. Ne3 R4c7 27. Re1
Nfe4 28. Bxc3 Nxc3 29. Kg2 Nb5 30. Rxc7 Rxc7 31. a4 Nc3 32. Rc1 Nxd5 33. Rxc7
Nxc7 34. a5 bxa5 35. bxa5 g6 36. Nd5 Nxd5 37. Bxd5 Bg7 38. Bc4 Bc3 39. Bxa6
Bxa5 40. Bc4 Kg7 41. Kf3 Kf6 42. h3 Be1 43. Bb3 Bc3 44. Bc4 Kg7 45. Ke4 Be1 46.
Bb3 Kf6 47. Kf3 Bc3 48. Bc4 Kg7 49. Ke4 Kf8 50. Bb3 Ke7 51. Bc4 Be1 1/2-1/2

[Event "Benidorm 2002 - sub2300"]
[Site "Benidorm ESP"]
[Date "2002.11.25"]
[Round "4.14"]
[White "Varga Nowak, Mariano"]
[Black "Carnicero Rodriguez, Luis Carlos"]
[Result "1/2-1/2"]
[WhiteElo "2275"]
[BlackElo "2162"]
[PlyCount "61"]
[EventDate "2002.11.22"]
[EventType "swiss"]
[EventRounds "9"]
[EventCountry "ESP"]
[Source "lmi"]
[SourceDate "2002.11.24"]

1. d4 e6 2. Nf3 f5 3. g3 Nf6 4. Bg2 Be7 5. O-O O-O 6. c4 d6 7. Nc3 Qe8 8. Qc2
Qh5 9. e4 e5 10. dxe5 dxe5 11. Nd5 Nxd5 12. exd5 Bf6 13. Be3 a5 14. c5 Na6 15.
Qc4 Kh8 16. Rad1 h6 17. a3 Qf7 18. b4 axb4 19. axb4 c6 20. Nd2 e4 21. dxc6 Be6
22. Qe2 bxc6 23. b5 cxb5 24. f3 exf3 25. Bxf3 Rab8 26. Bf4 Nxc5 27. Bxb8 Rxb8
28. Rfe1 Bd4+ 29. Kg2 b4 30. Nb1 Bf6 31. Rd6 1/2-1/2

[Event "Benidorm 2002 - sub2300"]
[Site "Benidorm ESP"]
[Date "2002.11.25"]
[Round "4.15"]
[White "Estrada Martinez, Cesar"]
[Black "Garcia Conesa, Gregorio"]
[Result "1-0"]
[WhiteElo "2181"]
[BlackElo "2266"]
[PlyCount "66"]
[EventDate "2002.11.22"]
[EventType "swiss"]
[EventRounds "9"]
[EventCountry "ESP"]
[Source "lmi"]
[SourceDate "2002.11.24"]

1. Nf3 Nf6 2. c4 g6 3. d4 Bg7 4. Nc3 d5 5. cxd5 Nxd5 6. e4 Nxc3 7. bxc3 c5 8.
Be3 O-O 9. Be2 Nc6 10. O-O cxd4 11. cxd4 Bg4 12. d5 Ne5 13. Nxe5 Bxe2 14. Qxe2
Bxe5 15. Rad1 f5 16. f4 Bc7 17. e5 Bb6 18. d6 exd6 19. Rxd6 Bxe3+ 20. Qxe3 Qa5
21. Qb3+ Rf7 22. Rfd1 Raf8 23. Rd7 Qb6+ 24. Qxb6 axb6 25. R1d6 Rxd7 26. Rxd7
Ra8 27. Rxb7 Rxa2 28. Rxb6 Re2 29. h4 Kg7 30. Kf1 Re4 31. g3 h5 32. Kf2 Kf7 33.
Rb1 Kf8 1-0